FIFA World Cup Most Capped Players - Statistics

General Stats
  • This quiz has been taken 54 times
  • The average score is 19 of 25
Answer Stats
Caps Country Pos Years Player % Correct
22 Portugal FW 2006–2022 Cristiano Ronaldo
100%
26 Argentina FW 2006–2022 Lionel Messi
100%
19 Brazil FW 1998–2006 Ronaldo
100%
19 Germany FW 2010–2022 Thomas Müller
98%
20 France GK 2010–2022 Hugo Lloris
96%
19 Croatia MF 2006–2022 Luka Modric
96%
19 Germany GK 2010–2022 Manuel Neuer
96%
24 Germany FW 2002–2014 Miroslav Klose
94%
23 Italy DF 1990–2002 Paolo Maldini
94%
21 Argentina MF 1982–1994 Diego Maradona
92%
20 Germany DF 2006–2014 Philipp Lahm
92%
18 Argentina FW 2010–2022 Ángel Di María
88%
18 France FW 2014–2022 Olivier Giroud
88%
25 Germany MF 1982–1998 Lothar Matthaus
83%
20 Brazil DF 1994–2006 Cafu
81%
18 Italy DF 1998–2010 Fabio Cannavaro
77%
20 Germany MF 2006–2014 Bastian Schweinsteiger
75%
19 France MF 2014–2022 Antoine Griezmann
69%
18 France DF 2014–2022 Raphaël Varane
69%
20 Argentina DF 2006–2018 Javier Mascherano
58%
19 Mexico DF 2002–2018 Rafael Marquez
52%
18 Brazil GK 1990–1998 Claudio Taffarel
50%
18 Brazil MF 1990–1998 Dunga
50%
19 Germany DF 2006–2014 Per Mertesacker
38%
18 Germany DF 1986–1994 Thomas Berthold
13%
No matching quizzes found
Score Distribution
Percent of People with Each Score
Percentile by Number Answered
Your Score History
You have not taken this quiz